banner-ar

حقوق الانسان والخطابات الدينية : (Record no. 8985)

MARC details
000 -الفاتح
حقل البيانات ثابتة الطول 01256nam a2200253Ia 4500
008 - عناصر البيانات ثابتة الطول - معلومات عامة
حقل البيانات ثابتة الطول 140319s9999 xx 000 0 ara d
040 ## - مصدر الفهرسة
وكالة الفهرسة الأصلية GCL /
وكالة النسخ GCL
082 04 - رقم تصنيف ديوى العشرى
رقم التصنيف 214.323
رقم المادة ا ح
100 1# - المدخل الرئيسى - إسم شخصى
الإسم الشخصى رضوان السيد
245 10 - بيان العنوان
العنوان حقوق الانسان والخطابات الدينية :
بقية العنوان كيف نستفيد من خبرات العالم الاسلامى غير العربى - اعمال مؤتمر حقوق الانسان وتجديد الخطاب الدينى : كيف نستفيد من خبرات العالم الاسلامى غير العربى ؟ ( الاسكندرية 18 - 20 ابريل 2006 ) /
بيان المسئوليه,etc رضوان السيد
700 1# - المدخل الاضافى - اسم شخصى
الإسم الشخصى اذار، ماردى ازيو
700 1# - المدخل الاضافى - اسم شخصى
الإسم الشخصى صلاح الدين الجورشى
250 ## - بيان الطبعة
بيان الطبعة الاولى
260 ## - PUBLICATION, DISTRIBUTION, ETC. (IMPRINT)
تاريخ النشر أو التوزيع 2006
300 ## - الوصف المادى
التعداد 473 ص ؛
أبعاد الوعاء 24 سم
490 ## - بيان السلسلة
عنوان السلسلة سلسلة قضايا الاصلاح
رقم المجلد/ التعيين التسلسلي 12
650 04 - المدخل الاضافى بالموضوع-مصطلح موضوعى
مصطلح موضوعي الحقوق السياسية
650 04 - المدخل الاضافى بالموضوع-مصطلح موضوعى
مصطلح موضوعي حقوق الانسان
650 04 - المدخل الاضافى بالموضوع-مصطلح موضوعى
مصطلح موضوعي الاسلام والاصلاح الدينى
650 04 - المدخل الاضافى بالموضوع-مصطلح موضوعى
مصطلح موضوعي الاسلام والاصلاح السياسى
650 04 - المدخل الاضافى بالموضوع-مصطلح موضوعى
مصطلح موضوعي الاسلام وحقوق الانسان
942 ## - عناصر المدخل الإضافي( كوها)
مصدر التصنيف او مخطط الترفيف Dewey Decimal Classification
Koha [default] item type كتاب
260 ## - PUBLICATION, DISTRIBUTION, ETC. (IMPRINT)
-- القاهرة :
-- مركز القاهرة لدراسات حقوق الانسان ،
Holdings
حالة التراجع حالة الفقد حالة تلف ليس للاعارة المكان المؤقت الموقع الحالى تاريخ الاكتساب اجمالي اﻻعارات رقم الطلب الباركود تاريخ اخر مشاهدة تاريخ تفعيل السعر نوع وعاء كوها
        مكتبة القاهرة الكبرى مكتبة القاهرة الكبرى 03/26/2014   214.323\ا ح 18776 03/26/2014 03/26/2014 كتاب
        مكتبة القاهرة الكبرى مكتبة القاهرة الكبرى 03/26/2014   214.323\ا ح 18777 03/26/2014 03/26/2014 كتاب

Powered By

EGPV